Pakistan Studies: Lectures 1-7, PAK-301 (04 CD's) (Record no. 9679)
[ view plain ]
| 000 -LEADER | |
|---|---|
| fixed length control field | 00387 a2200121 4500 |
| 040 ## - CATALOGING SOURCE | |
| Original cataloging agency | DLC |
| Language of cataloging | DLC |
| 082 ## - DEWEY DECIMAL CLASSIFICATION NUMBER | |
| Classification number | 954.91005 HAS |
| 100 ## - MAIN ENTRY--PERSONAL NAME | |
| Personal name | Hassan Askari Rizvi Dr. |
| 245 ## - TITLE STATEMENT | |
| Title | Pakistan Studies: Lectures 1-7, PAK-301 (04 CD's) |
| Statement of responsibility, etc. | Dr. Hassan Askari Rizvi |
| 260 ## - PUBLICATION, DISTRIBUTION, ETC. | |
| Place of publication, distribution, etc. | Lahore |
| Name of publisher, distributor, etc. | Virtual University |
| Date of publication, distribution, etc. | 2005 |
| 500 ## - GENERAL NOTE | |
| General note | Lectures 1-7, 8-14, 15-20, 21-30, (04 CD's) |
| 942 ## - ADDED ENTRY ELEMENTS (KOHA) | |
| Koha item type | CD,DVDs |
| Call number prefix | 954.91005 HAS |
| Source of classification or shelving scheme | |
| Withdrawn status | Lost status | Source of classification or shelving scheme | Damaged status | Not for loan | Collection code | Permanent Location | Current Location | Shelving location | Date acquired | Source of acquisition | Cost, normal purchase price | Total Checkouts | Full call number | Barcode | Date last seen | Price effective from | Koha item type |
|---|---|---|---|---|---|---|---|---|---|---|---|---|---|---|---|---|---|
| Central Library (CL) | Central Library (CL) | General Stacks | 08/03/2005 | New Public Book | 30.00 | 954.91005 HAS | SEECS006265 | 11/14/2012 | 01/05/2017 | Mixed Materials | |||||||
| Central Library (CL) | Central Library (CL) | General Stacks | 08/03/2005 | New Public Book | 30.00 | 954.91005 HAS | SEECS006266 | 11/14/2012 | 01/05/2017 | Mixed Materials | |||||||
| Central Library (CL) | Central Library (CL) | General Stacks | 08/03/2005 | New Public Book | 30.00 | 954.91005 HAS | SEECS006267 | 11/14/2012 | 01/05/2017 | Mixed Materials | |||||||
| Central Library (CL) | Central Library (CL) | General Stacks | 08/03/2005 | New Public Book | 30.00 | 954.91005 HAS | SEECS006268 | 11/14/2012 | 01/05/2017 | Mixed Materials |
